El retorno de lo real: la vanguardia a finales de siglo

Guardat en:
Dades bibliogràfiques
Autor principal: Foster, Hal (Autor)
Format: Llibre
Idioma:espanyol
Publicat: Madrid Akal 2001
Col·lecció:Arte Contemporáneo, 8
Matèries:
Etiquetes: Afegir etiqueta
Sense etiquetes, Sigues el primer a etiquetar aquest registre!

MARC

LEADER 00000cam a2200000 a 4500
001 UCK7382
003 CL-VaPUC
008 051118e20010000SP |||||||||||||||||spa|d
020 |a 8446013290 
082 0 4 |a 709.04  |b FOS  |2 21 
100 0 |a Foster, Hal  |e author  |9 496938 
245 1 3 |a El retorno de lo real: la vanguardia a finales de siglo 
300 |a 234 p 
942 |c BK 
945 |d 20051118 00:00:00  |a jtorresc 
260 |a Madrid  |b Akal  |c 2001 
650 0 |a Pinturas  |9 347968 
650 0 |a Filosofía del arte  |9 264951 
650 0 |a Realismo en el arte  |9 268242 
650 0 |a Historia del arte  |9 314877 
650 0 |a Obras ilustradas  |9 265022 
650 0 |a Arte contemporáneo  |9 338008 
650 0 |a Artistas   |9 262026 
583 |a last modification  |c 20130304 10:39:45  |k Rodrigo Vera 
490 0 |a Arte Contemporáneo, 8 
999 |c 315367  |d 315365 
952 |0 0  |1 0  |2 ddc  |4 0  |6 709_040000000000000_FOS_2001  |7 0  |8 R  |9 388498  |a BIBART  |b BIBART  |d 2019-11-22  |i 4203607  |l 2  |o 709.04 FOS 2001  |p 4203607  |r 2025-03-13  |s 2022-10-25  |w 2019-11-22  |y BK_R  |k ART 
952 |0 0  |1 0  |4 0  |6 709_040000000000000_FOS_2001  |7 0  |8 A  |9 388499  |a BIBHIS  |b BIBHIS  |d 2019-11-22  |i 495064K  |o 709.04 FOS 2001  |p 495064K  |r 2025-01-20  |w 2019-11-22  |y BK  |k HIS 
952 |0 0  |1 0  |3 erb  |4 0  |6 709_040000000000000_FOS_2001  |7 0  |8 A  |9 388500  |a FDOPOS  |b FDOPOS  |i 5365821  |o 709.04 FOS 2001  |p 5365821  |r 2025-01-22  |w 2019-11-22  |y BK  |z Catalogado en:20170317  |k MEL 
952 |0 0  |1 1  |2 ddc  |4 0  |6 709_040000000000000_FOS_2001  |7 0  |8 R  |9 388501  |a BIBART  |b BIBART  |d 2019-11-22  |i 4184300  |o 709.04 FOS 2001  |p 4184300  |r 2019-11-22  |w 2019-11-22  |x msilva  |y BK_R  |k ART